[Event "Kvika Reykjavik Open 2022"]
[Site "Reykjavik ISL"]
[Date "2022.04.12"]
[Round "9.3"]
[White "Idani, Pouya"]
[Black "Mishra, Abhimanyu"]
[Result "0-1"]
[WhiteTitle "GM"]
[BlackTitle "GM"]
[WhiteElo "2638"]
[BlackElo "2524"]
[WhiteFideId "12510130"]
[BlackFideId "30920019"]
[EventDate "2022.04.06"]

1. e4 c5 2. Nf3 d6 3. d4 cxd4 4. Nxd4 Nf6 5. Nc3 a6 6. h3 e5 7. Nf3 Be7 8. g4 h6
9. Rg1 Be6 10. g5 hxg5 11. Nxg5 Nc6 12. Nxe6 fxe6 13. Rxg7 Qb6 14. a4 Qb4 15. a5
d5 16. Ra4 Qc5 17. exd5 exd5 18. Bg5 O-O-O 19. Bxf6 Bxf6 20. Rf7 Be7 21. Bg2 e4
22. Rf5 Rhf8 23. Nxe4 dxe4 24. Rxc5 Rxd1+ 25. Kxd1 Bxc5 26. Bxe4 Bxf2 27. Bxc6
bxc6 28. c3 Bg3 29. Rc4 Rf6 30. b4 Kd7 31. Kc2 Rh6 32. Rd4+ Kc7 33. Rg4 Rxh3 34.
Rg7+ Kb8 35. Rg8+ Kb7 36. Rg7+ Bc7 37. c4 Re3 38. Rh7 Kc8 39. Rh5 Re5 40. Rh8+
Kb7 41. Rh7 Kc8 42. Rh8+ Bd8 43. Kb3 Kd7 44. Rh7+ Be7 45. Rh8 Re3+ 46. Ka4 Rc3
47. c5 Bg5 0-1

[Event "Kvika Reykjavik Open 2022"]
[Site "Reykjavik ISL"]
[Date "2022.04.12"]
[Round "9.4"]
[White "Fier, Alexandr"]
[Black "Libiszewski, Fabien"]
[Result "1/2-1/2"]
[WhiteTitle "GM"]
[BlackTitle "GM"]
[WhiteElo "2573"]
[BlackElo "2510"]
[WhiteFideId "2107139"]
[BlackFideId "616834"]
[EventDate "2022.04.06"]

1. d4 Nf6 2. c4 g6 3. Nc3 Bg7 4. Nf3 O-O 5. g3 c6 6. e4 d6 7. Bg2 Bg4 8. O-O e5
9. dxe5 Bxf3 10. Bxf3 dxe5 11. Be3 Qe7 12. Qb3 Na6 13. Rfd1 h5 14. Na4 Kh7 15.
Rd2 1/2-1/2

[Event "Kvika Reykjavik Open 2022"]
[Site "Reykjavik ISL"]
[Date "2022.04.12"]
[Round "9.5"]
[White "Jarmula, Lukasz"]
[Black "Gretarsson, Hjorvar Steinn"]
[Result "0-1"]
[WhiteTitle "GM"]
[BlackTitle "GM"]
[WhiteElo "2434"]
[BlackElo "2542"]
[WhiteFideId "1160664"]
[BlackFideId "2302241"]
[EventDate "2022.04.06"]

1. e4 c5 2. Nf3 e6 3. d4 cxd4 4. Nxd4 Nc6 5. Nc3 Qc7 6. Be2 Nf6 7. Ndb5 Qb8 8.
f4 d6 9. Be3 Be7 10. g4 a6 11. Nd4 Nxd4 12. Qxd4 e5 13. Qd1 exf4 14. Bxf4 Be6
15. g5 Nd7 16. Nd5 Ne5 17. h4 b5 18. Qd4 Bxd5 19. Qxd5 O-O 20. O-O-O Qc7 21. Rh3
b4 22. Kb1 Rac8 23. c3 Qd7 24. Rh2 bxc3 25. Bxa6 Qg4 26. Bxe5 Rc5 27. Qd3 dxe5
28. b4 Rc6 29. Bb7 Rb6 30. Qd7 Rxb4+ 31. Ka1 Qf3 32. Rc1 Bc5 33. Rhc2 Bd4 34.
Bd5 Rfb8 35. Bb3 Rxb3 36. axb3 Qxe4 37. h5 Qa8+ 38. Qa4 Qb7 39. Kb1 Ra8 40. Qc4
Rc8 41. Qa4 Qe4 42. Qa6 Ra8 43. Qc4 g6 44. h6 Rb8 45. Ka2 Qf5 46. b4 Qxg5 47.
Rf1 Qe7 48. Kb3 Qd7 49. Rxc3 Bxc3 50. Qxc3 Rc8 51. Qf3 Qe6+ 52. Kb2 Qc4 53. Ka3
e4 0-1

[Event "Kvika Reykjavik Open 2022"]
[Site "Reykjavik ISL"]
[Date "2022.04.12"]
[Round "9.6"]
[White "Niemann, Hans Moke"]
[Black "Thorhallsson, Throstur"]
[Result "1-0"]
[WhiteTitle "GM"]
[BlackTitle "GM"]
[WhiteElo "2637"]
[BlackElo "2422"]
[WhiteFideId "2093596"]
[BlackFideId "2300109"]
[EventDate "2022.04.06"]

1. d4 Nf6 2. Nc3 d5 3. Bf4 a6 4. e3 b5 5. h4 e6 6. g4 c5 7. g5 Nfd7 8. Bg2 Nb6
9. Nf3 Nc4 10. b3 Qa5 11. O-O Nd6 12. Nxd5 exd5 13. dxc5 Nb7 14. Ne5 Ra7 15.
Nxf7 Kxf7 16. Bxb8 Bxc5 17. Qxd5+ Ke7 18. Qe5+ Kf8 19. Rad1 Qb6 20. Bxa7 Qxa7
21. Bxb7 1-0

[Event "Kvika Reykjavik Open 2022"]
[Site "Reykjavik ISL"]
[Date "2022.04.12"]
[Round "9.7"]
[White "Gupta, Abhijeet"]
[Black "Thorfinnsson, Bragi"]
[Result "1-0"]
[WhiteTitle "GM"]
[BlackTitle "GM"]
[WhiteElo "2616"]
[BlackElo "2419"]
[WhiteFideId "5010608"]
[BlackFideId "2300958"]
[EventDate "2022.04.06"]

1. d4 Nf6 2. c4 b6 3. Nf3 Bb7 4. Nc3 e6 5. a3 g6 6. Qc2 Bg7 7. e4 d6 8. Be2 O-O
9. h3 Nfd7 10. Bg5 f6 11. Be3 f5 12. Bg5 Qe8 13. exf5 gxf5 14. O-O-O Qg6 15. h4
Nc6 16. d5 Nce5 17. h5 Qf7 18. dxe6 Qxe6 19. Nd4 Qf7 20. Nd5 Nf6 21. f4 Neg4 22.
h6 Bh8 23. Nxf5 Bxd5 24. cxd5 Rae8 25. Bb5 Re4 26. Rhe1 Rxe1 27. Rxe1 Nxd5 28.
Ne7+ Nxe7 29. Rxe7 Qf5 30. Bc4+ 1-0

[Event "Kvika Reykjavik Open 2022"]
[Site "Reykjavik ISL"]
[Date "2022.04.12"]
[Round "9.8"]
[White "Cornette, Matthieu"]
[Black "Tania, Sachdev"]
[Result "1/2-1/2"]
[WhiteTitle "GM"]
[BlackTitle "IM"]
[WhiteElo "2569"]
[BlackElo "2392"]
[WhiteFideId "620084"]
[BlackFideId "5007844"]
[EventDate "2022.04.06"]

1. d4 Nf6 2. c4 e6 3. Nc3 Bb4 4. e3 O-O 5. Bd2 d5 6. Nf3 c5 7. a3 Bxc3 8. Bxc3
Ne4 9. Rc1 Nxc3 10. Rxc3 cxd4 11. Nxd4 dxc4 12. Bxc4 Bd7 13. O-O Nc6 14. Nf3 Qe7
15. Qc2 Rac8 16. Rc1 g6 17. b4 a6 18. h3 Rfd8 19. Qe4 Qf6 20. Bf1 e5 21. g4 Qe7
22. b5 axb5 23. Bxb5 f5 24. Qd5+ Be6 25. Qc5 fxg4 26. Bxc6 Qxc5 27. Rxc5 Rxc6
28. Rxc6 bxc6 29. hxg4 Rd5 30. Rxc6 Bxg4 31. Ng5 Kg7 32. f3 Bf5 33. e4 Rd1+ 34.
Kf2 Bd7 35. Rc7 Kf6 36. Nxh7+ Kg7 37. Ng5 Kf6 38. Nh7+ Kg7 39. Ng5 1/2-1/2

[Event "Kvika Reykjavik Open 2022"]
[Site "Reykjavik ISL"]
[Date "2022.04.12"]
[Round "9.9"]
[White "Grieve, Harry"]
[Black "Yoo, Christopher Woojin"]
[Result "0-1"]
[WhiteTitle "FM"]
[BlackTitle "IM"]
[WhiteElo "2387"]
[BlackElo "2532"]
[WhiteFideId "426520"]
[BlackFideId "30909694"]
[EventDate "2022.04.06"]

1. e4 c5 2. Nc3 Nc6 3. Bb5 Nd4 4. Nf3 a6 5. Bd3 g6 6. O-O Bg7 7. Rb1 Nc6 8. a3
Nf6 9. b4 cxb4 10. axb4 O-O 11. b5 axb5 12. Rxb5 Ra1 13. Qe2 d6 14. Bb2 Rxf1+
15. Qxf1 Bg4 16. Nh4 Nd7 17. h3 Be6 18. Ne2 Bxb2 19. Rxb2 Nc5 20. Nf3 Ne5 21.
Ned4 Nxf3+ 22. Nxf3 Qa5 23. c3 Ra8 24. Bc2 Bd7 25. Qb1 b5 26. Nd4 Rb8 27. Ra2
Qd8 28. Rb2 Qa5 29. Ra2 Qc7 30. Qb4 e5 31. Nf3 Be6 32. Ra3 Bc4 33. Ne1 Qb6 34.
d3 Be6 35. Kf1 d5 36. Nf3 dxe4 37. dxe4 Bc4+ 38. Kg1 Bd3 39. Ra2 Qc7 40. Bxd3
Nxd3 41. Qa3 Qc6 42. Rd2 Ra8 43. Qb3 Ra1+ 44. Kh2 Qc4 45. Qc2 Nf4 46. Nh4 Qf1
47. Rd8+ Kg7 48. Qd2 Qh1+ 49. Kg3 Rg1 50. Kf3 Rxg2 51. Nxg2 Qxh3# 0-1

[Event "Kvika Reykjavik Open 2022"]
[Site "Reykjavik ISL"]
[Date "2022.04.12"]
[Round "9.10"]
[White "Maze, Sebastien"]
[Black "Kolbus, Dietmar"]
[Result "1-0"]
[WhiteTitle "GM"]
[BlackTitle "IM"]
[WhiteElo "2524"]
[BlackElo "2312"]
[WhiteFideId "613762"]
[BlackFideId "4610628"]
[EventDate "2022.04.06"]

1. e4 e6 2. d4 d5 3. e5 c5 4. c3 Qb6 5. Nf3 Bd7 6. Bd3 cxd4 7. Nxd4 Nc6 8. Nxc6
bxc6 9. O-O a5 10. Nd2 a4 11. Bc2 Qa7 12. h4 h5 13. Nf3 Bc5 14. Ng5 Ne7 15. Qf3
Nf5 16. Bxf5 exf5 17. e6 Bxe6 18. Re1 Kd7 19. Be3 g6 20. Rad1 Rhe8 21. c4 Bxe3
22. Rxe3 d4 23. Rxd4+ Qxd4 24. Rd3 Qxd3 25. Qxd3+ Kc7 26. Qd4 Ra5 27. b4 axb3
28. axb3 Rd8 29. Qf6 Rd1+ 30. Kh2 Ra2 31. Nxf7 Bxf7 32. Qxf7+ Kd8 33. f3 Rdd2
34. Qxg6 f4 35. Qg7 c5 36. Kh3 Rxg2 37. Qxg2 Rxg2 38. Kxg2 Kc7 39. Kf2 Kb6 40.
Ke2 Ka5 41. Kd2 Kb4 42. Kc2 Ka5 43. Kc3 Kb6 44. b4 cxb4+ 45. Kxb4 Kc6 46. Kc3 1-0

[Event "Kvika Reykjavik Open 2022"]
[Site "Reykjavik ISL"]
[Date "2022.04.12"]
[Round "9.11"]
[White "Villiers, Thomas"]
[Black "Steingrimsson, Hedinn"]
[Result "1/2-1/2"]
[WhiteTitle "CM"]
[BlackTitle "GM"]
[WhiteElo "2219"]
[BlackElo "2538"]
[WhiteFideId "427209"]
[BlackFideId "2300117"]
[EventDate "2022.04.06"]

1. e4 c5 2. Nf3 d6 3. d4 cxd4 4. Qxd4 a6 5. Be3 Nf6 6. h3 e5 7. Qd3 b5 8. Nc3
Bb7 9. O-O-O b4 10. Na4 Bxe4 11. Qb3 Nc6 12. Ng5 Bg6 13. Bc4 Qc7 14. Bb6 Qb7 15.
f4 h6 16. f5 Bh5 17. Nf3 Bxf3 1/2-1/2

[Event "Kvika Reykjavik Open 2022"]
[Site "Reykjavik ISL"]
[Date "2022.04.12"]
[Round "9.12"]
[White "Korley, Kassa"]
[Black "Peng, Li Min"]
[Result "1-0"]
[WhiteTitle "IM"]
[BlackTitle "IM"]
[WhiteElo "2400"]
[BlackElo "2517"]
[WhiteFideId "2033801"]
[BlackFideId "14112620"]
[EventDate "2022.04.06"]

1. d4 Nf6 2. c4 g6 3. g3 Bg7 4. Bg2 d5 5. cxd5 Nxd5 6. e4 Nb6 7. Ne2 c5 8. d5 e6
9. O-O O-O 10. Nec3 Na6 11. d6 Nc4 12. Qe2 Nxd6 13. Rd1 Qe7 14. h4 e5 15. Nd5
Qe6 16. Nbc3 Bd7 17. Be3 Rac8 18. Rd2 Rfe8 19. Rad1 Rc6 20. a4 Nb8 21. Nb5 h6
22. Ndc7 1-0

[Event "Kvika Reykjavik Open 2022"]
[Site "Reykjavik ISL"]
[Date "2022.04.12"]
[Round "9.13"]
[White "Beerdsen, Thomas"]
[Black "Fantinel, Thibault"]
[Result "1/2-1/2"]
[WhiteTitle "IM"]
[BlackTitle "IM"]
[WhiteElo "2496"]
[BlackElo "2378"]
[WhiteFideId "1030108"]
[BlackFideId "663395"]
[EventDate "2022.04.06"]

1. e4 c5 2. Nf3 Nc6 3. d4 cxd4 4. Nxd4 e5 5. Nb5 d6 6. c4 Be6 7. N1c3 a6 8. Na3
g6 9. Nc2 Bg7 10. Be2 Nf6 11. O-O O-O 12. Be3 Rc8 13. Rc1 Ne7 14. Na3 Nc6 15.
Nc2 Ne7 16. Na3 Nc6 17. Nc2 1/2-1/2

[Event "Kvika Reykjavik Open 2022"]
[Site "Reykjavik ISL"]
[Date "2022.04.12"]
[Round "9.14"]
[White "Laurent-Paoli, Pierre"]
[Black "Bjornsson, Sigurbjorn"]
[Result "1/2-1/2"]
[WhiteTitle "IM"]
[BlackTitle "FM"]
[WhiteElo "2487"]
[BlackElo "2306"]
[WhiteFideId "26017962"]
[BlackFideId "2300974"]
[EventDate "2022.04.06"]

1. d4 Nf6 2. c4 g6 3. Nc3 Bg7 4. e4 d6 5. f4 O-O 6. Nf3 Na6 7. Bd3 e5 8. fxe5
dxe5 9. d5 Nc5 10. Bc2 a5 11. O-O Ne8 12. Bg5 f6 13. Bh4 Nd6 14. Nxe5 Qe8 15.
Qd4 Ncxe4 16. Nxe4 fxe5 17. Nxd6 exd4 18. Nxe8 Rxe8 19. Ba4 Re2 20. c5 d3 21. d6
cxd6 22. cxd6 Bd4+ 23. Kh1 Bf5 24. Rfe1 Bxb2 25. Rxe2 dxe2 26. Re1 Bd3 27. d7
Bc3 28. Rc1 Rf8 29. h3 Rf1+ 30. Kh2 Be5+ 31. Bg3 Bxg3+ 32. Kxg3 Rf8 33. Kh2 Bc4
34. Bb3 Bxb3 35. Rc8 e1=Q 36. Rxf8+ Kxf8 37. d8=Q+ Qe8 38. Qd6+ Qe7 39. Qb8+ Qe8
40. Qd6+ Qe7 41. Qb8+ Kg7 42. axb3 h5 43. Qf4 b6 44. Qd4+ Qf6 45. Qd5 Qf4+ 46.
Kh1 Qc1+ 47. Kh2 Qc7+ 48. Kh1 Qc1+ 49. Kh2 Qc5 50. Qe6 Qc7+ 51. Kh1 Qc1+ 52. Kh2
Qc7+ 53. Kh1 b5 54. Qd5 Qc1+ 55. Kh2 Qf4+ 56. Kh1 Qf1+ 57. Kh2 Qf4+ 58. Kh1 Qf5
59. Qd4+ Kh7 60. Qa7+ Kh6 61. Qe3+ Qg5 62. Qc3 Qd8 63. Qe3+ Kh7 64. Qa7+ Kg8 65.
Qa6 Qd1+ 66. Kh2 Qd3 67. Qe6+ Kf8 68. g4 hxg4 69. hxg4 a4 70. bxa4 Qc2+ 71. Kg3
bxa4 72. Kh4 Qf2+ 73. Kh3 Qf7 74. Qd6+ Kg8 75. Kg2 Kh7 76. g5 Qa7 77. Qh2+ Kg8
78. Qd6 Qb7+ 79. Kf2 Qb2+ 80. Kf3 Qc3+ 81. Kf2 Qc2+ 82. Kg3 Qc3+ 83. Kf2 Qc2+
84. Kg3 Qf5 85. Qd8+ Kf7 86. Qc7+ Kf8 87. Qd6+ Kf7 88. Qc7+ Ke6 89. Qc6+ Ke7 90.
Qxa4 Qxg5+ 91. Kh3 Qe3+ 92. Kg2 Kf6 93. Qc6+ Kg5 94. Qd5+ Kh4 95. Qd8+ Kh5 96.
Qh8+ Kg4 97. Qc8+ Kf4 98. Qf8+ Kg5 99. Qd8+ Kh5 100. Qh8+ Qh6 101. Qxh6+ Kxh6
102. Kh2 Kh7 103. Kg3 1/2-1/2

[Event "Kvika Reykjavik Open 2022"]
[Site "Reykjavik ISL"]
[Date "2022.04.12"]
[Round "9.15"]
[White "Sarkar, Justin"]
[Black "Williams, Simon K"]
[Result "1-0"]
[WhiteTitle "IM"]
[BlackTitle "GM"]
[WhiteElo "2314"]
[BlackElo "2464"]
[WhiteFideId "2010011"]
[BlackFideId "404454"]
[EventDate "2022.04.06"]

1. d4 Nf6 2. c4 c5 3. d5 e5 4. Nc3 d6 5. e4 Nbd7 6. g3 a6 7. a4 g6 8. Bg2 Bg7 9.
Nf3 O-O 10. O-O Ne8 11. Ne1 f5 12. Nd3 f4 13. gxf4 Qh4 14. f5 Nef6 15. f4 Nh5
16. Rf3 exf4 17. Rh3 Qg5 18. Rxh5 Bd4+ 19. Kh1 gxh5 20. Nxf4 Nf6 21. Ne6 Qh4 22.
Bg5 Qf2 23. Nxf8 Kxf8 24. Ne2 Bxb2 25. Ra2 Be5 26. Nc1 Ng4 27. Rd2 h6 28. Bxh6+
Ke8 29. Bg5 Bc3 30. Rc2 Qd4 31. Qe2 Qg7 32. Bf4 Bd4 33. Nd3 Bd7 34. Bxd6 Bxa4
35. Rc1 Kd7 36. e5 Rg8 37. Nxc5+ Kc8 38. Ne6 Qh6 39. Rf1 Ba7 40. f6 Be8 41. f7
Bxf7 42. Rxf7 Nf2+ 43. Qxf2 Qc1+ 44. Qf1 Qxf1+ 45. Rxf1 1-0

[Event "Kvika Reykjavik Open 2022"]
[Site "Reykjavik ISL"]
[Date "2022.04.12"]
[Round "9.16"]
[White "Clarke, Brandon G I"]
[Black "Cummings, David H."]
[Result "1-0"]
[WhiteTitle "IM"]
[BlackTitle "IM"]
[WhiteElo "2436"]
[BlackElo "2321"]
[WhiteFideId "400319"]
[BlackFideId "2603578"]
[EventDate "2022.04.06"]

1. e4 c6 2. d4 d5 3. e5 c5 4. dxc5 e6 5. a3 Bxc5 6. Nf3 Nd7 7. Bd3 f6 8. exf6
Ngxf6 9. c4 e5 10. b4 Bd6 11. Bc2 e4 12. Nd4 Ne5 13. cxd5 O-O 14. h3 a5 15. b5
Qe8 16. Nc3 Qg6 17. Kf1 Nd3 18. Be3 Bg3 19. Qd2 Bxf2 20. Bxf2 Ng4 21. Nxe4 Qxe4
22. Bxd3 Ne3+ 23. Ke2 Rxf2+ 24. Kxf2 Qxg2+ 25. Kxe3 Qg5+ 26. Ke2 Qg2+ 27. Kd1
Qxh1+ 28. Qe1 Bg4+ 29. hxg4 Qh3 30. Qe4 1-0

[Event "Kvika Reykjavik Open 2022"]
[Site "Reykjavik ISL"]
[Date "2022.04.12"]
[Round "9.17"]
[White "Larkin, Vladyslav"]
[Black "Soham, Das"]
[Result "1-0"]
[WhiteTitle "IM"]
[BlackTitle "IM"]
[WhiteElo "2424"]
[BlackElo "2303"]
[WhiteFideId "14152894"]
[BlackFideId "35026763"]
[EventDate "2022.04.06"]

1. e4 c6 2. Nf3 d5 3. d3 dxe4 4. dxe4 Qxd1+ 5. Kxd1 Nf6 6. Nfd2 g6 7. f3 Bh6 8.
a4 O-O 9. c3 Rd8 10. Kc2 Nbd7 11. Nb3 Bxc1 12. Nxc1 Ne5 13. Nb3 g5 14. N1d2 Ng6
15. g3 e5 16. Be2 h5 17. Nc4 Kf8 18. Rhd1 Be6 19. Nba5 Bxc4 20. Nxc4 Ne8 21. Bf1
Ke7 22. Bh3 f6 23. Na5 Nd6 24. Rxd6 Rxd6 25. Nxb7 Rad8 26. Nxd8 Kxd8 27. Rd1 Kc7
28. Rxd6 Kxd6 29. b4 h4 30. Kd3 hxg3 31. hxg3 Nh8 32. Kc4 Nf7 33. b5 Nd8 34. a5
Nb7 35. Bc8 Nxa5+ 36. Kb4 Kc7 37. Kxa5 Kxc8 38. bxc6 Kc7 39. Kb5 Kd6 40. g4 Kc7
41. Kc5 1-0

[Event "Kvika Reykjavik Open 2022"]
[Site "Reykjavik ISL"]
[Date "2022.04.12"]
[Round "9.18"]
[White "Minko, Dmitry"]
[Black "Adhiban, Baskaran"]
[Result "1/2-1/2"]
[WhiteTitle "CM"]
[BlackTitle "GM"]
[WhiteElo "2298"]
[BlackElo "2633"]
[WhiteFideId "24188468"]
[BlackFideId "5018471"]
[EventDate "2022.04.06"]

1. e4 c5 2. Nf3 d6 3. d4 cxd4 4. Nxd4 Nf6 5. Nc3 g6 6. Be3 a6 7. f3 h5 8. Qd2
Nbd7 9. a4 Bg7 10. a5 O-O 11. Be2 Ne5 12. Na4 Rb8 13. c4 Be6 14. Rc1 Nfd7 15. f4
Ng4 16. Bxg4 Bxg4 17. h3 e5 18. hxg4 exd4 19. Bxd4 hxg4 20. Bxg7 Kxg7 21. f5 Rh8
22. Rxh8 Qxh8 23. Qxd6 Nf6 24. e5 Qh1+ 25. Ke2 Qxg2+ 26. Kd3 Qf3+ 27. Kc2 Qxf5+
28. Kb3 Nd7 29. Rd1 Rd8 30. Ka2 g3 31. Qe7 Rh8 32. Rxd7 g2 33. Rd1 Rh1 34. Rd8
Rh8 35. Rd1 Rh1 36. Rd8 Kh7 37. Rf8 Kg7 38. Rd8 1/2-1/2

[Event "Kvika Reykjavik Open 2022"]
[Site "Reykjavik ISL"]
[Date "2022.04.12"]
[Round "9.19"]
[White "Berdnyk, Mariia"]
[Black "Stefansson, Vignir Vatnar"]
[Result "0-1"]
[WhiteTitle "FM"]
[BlackTitle "IM"]
[WhiteElo "2287"]
[BlackElo "2501"]
[WhiteFideId "14137054"]
[BlackFideId "2308649"]
[EventDate "2022.04.06"]

1. d4 e6 2. c4 Nf6 3. g3 c5 4. d5 exd5 5. cxd5 d6 6. Nc3 g6 7. Bg2 Bg7 8. Nf3
O-O 9. O-O Re8 10. Bf4 Bf5 11. Nh4 Bg4 12. Qd2 b5 13. Rfe1 a6 14. e4 b4 15. Na4
Bd7 16. Qc2 Qa5 17. b3 Bxa4 18. bxa4 Qd8 19. Nf3 Nh5 20. Bg5 Qa5 21. e5 Nd7 22.
g4 Nxe5 23. gxh5 Nxf3+ 24. Bxf3 b3 25. Bd2 bxc2 26. Bxa5 Bxa1 27. Rc1 Rab8 28.
Rxc2 Rb2 29. Rxb2 Bxb2 30. Kf1 c4 31. Bb4 Be5 32. h3 c3 33. Be4 Rc8 34. Bc2 Rc4
35. a3 Rh4 36. hxg6 hxg6 37. Kg2 Kg7 38. Ba5 f5 39. Bb4 Kf8 40. Ba5 Rf4 41. Bb1
Rxa4 0-1

[Event "Kvika Reykjavik Open 2022"]
[Site "Reykjavik ISL"]
[Date "2022.04.12"]
[Round "9.20"]
[White "Hjartarson, Johann"]
[Black "Doluhanova, Evgeniya"]
[Result "1-0"]
[WhiteTitle "GM"]
[BlackTitle "WGM"]
[WhiteElo "2465"]
[BlackElo "2280"]
[WhiteFideId "2300044"]
[BlackFideId "14112035"]
[EventDate "2022.04.06"]

1. Nf3 Nf6 2. c4 e6 3. g3 d5 4. Bg2 dxc4 5. Qa4+ Bd7 6. Qxc4 c5 7. Ne5 Qc8 8.
Qd3 Nc6 9. Nxd7 Nxd7 10. Nc3 Be7 11. O-O O-O 12. Qc2 Rb8 13. d3 Nd4 14. Qd1 b5
15. Bf4 e5 16. Bd2 Nf6 17. Bg5 Rd8 18. e3 Nc6 19. Qe2 Nb4 20. Rfd1 Qe6 21. Bxf6
Bxf6 22. a3 Na6 23. a4 b4 24. Ne4 Be7 25. Rac1 h6 26. h4 b3 27. h5 Rb4 28. Nc3
Nc7 29. Kh2 f5 30. Qf3 Qf7 31. Kg1 Rb6 32. a5 Rbd6 33. Qb7 Bf8 34. Qxa7 Ra6 35.
Qb7 Rxa5 36. Ra1 Rxa1 37. Rxa1 Rxd3 38. Ra7 Rd7 39. Qc6 e4 40. Bf1 Re7 41. Rb7
Ne8 42. Rxe7 Bxe7 43. Nd5 Bd6 44. Nb6 Qxh5 45. Bc4+ Kf8 46. Bxb3 g5 47. Nd7+ Ke7
48. Nxc5 Bxc5 49. Qxc5+ Kf6 50. Qd4+ Kg6 51. Qd7 Kf6 52. Qe6+ Kg7 53. Qe7+ 1-0

[Event "Kvika Reykjavik Open 2022"]
[Site "Reykjavik ISL"]
[Date "2022.04.12"]
[Round "9.21"]
[White "Player, Edmund C"]
[Black "Romanishin, Oleg M"]
[Result "1/2-1/2"]
[BlackTitle "GM"]
[WhiteElo "2196"]
[BlackElo "2415"]
[WhiteFideId "406520"]
[BlackFideId "14100088"]
[EventDate "2022.04.06"]

1. e4 e5 2. Nf3 Nc6 3. Bb5 a6 4. Ba4 Nf6 5. O-O Be7 6. Re1 b5 7. Bb3 d6 8. c3
O-O 9. h3 a5 10. d4 a4 11. Bc2 Bd7 12. Na3 Rb8 13. Bd3 b4 14. Nc4 bxc3 15. bxc3
exd4 16. cxd4 Nb4 17. Bb1 d5 18. exd5 Nbxd5 19. Bd2 c5 20. Nfe5 Bb5 21. Bf5 Ra8
22. dxc5 Bxc5 23. Qf3 Ne7 24. Bg5 Nxf5 25. Qxf5 Qc8 26. Qf3 Qa6 27. Nd2 Rae8 28.
Rab1 Re6 29. Qc3 Rc8 30. Qb2 Rb6 31. Rbc1 Be8 32. Qa1 Bb4 33. Rxc8 Qxc8 34. Qd4
Bc5 35. Qc4 Rb4 36. Qe2 Bb5 37. Qf3 Rb2 38. Bxf6 Rxd2 39. Bg5 Rb2 1/2-1/2

[Event "Kvika Reykjavik Open 2022"]
[Site "Reykjavik ISL"]
[Date "2022.04.12"]
[Round "9.22"]
[White "Willow, Jonah B"]
[Black "Cherniack, Alex"]
[Result "1-0"]
[WhiteTitle "FM"]
[WhiteElo "2411"]
[BlackElo "2213"]
[WhiteFideId "438804"]
[BlackFideId "2007606"]
[EventDate "2022.04.06"]

1. e4 e5 2. Nf3 Nc6 3. Nc3 Nf6 4. Bb5 Bd6 5. d3 a6 6. Ba4 Bc5 7. Nxe5 Nxe5 8. d4
Bd6 9. dxe5 Bxe5 10. Ne2 Qe7 11. f4 Bxb2 12. Bxb2 Qb4+ 13. Bc3 Qxa4 14. Bxf6
gxf6 15. O-O d6 16. Ng3 Be6 17. Nh5 Ke7 18. f5 Bd7 19. Qd2 Qc4 20. Rad1 Bc6 21.
Nxf6 Kxf6 22. e5+ dxe5 23. Qh6+ Ke7 24. f6+ Ke8 25. Qg7 Qc5+ 26. Kh1 Rf8 27. Rf5
Be4 28. Rg5 b5 29. Qh6 Bg6 30. Qh3 Rd8 31. Re1 Be4 32. Qg4 Bxg2+ 33. Qxg2 Rd5
34. Qg4 Kd8 35. Rg8 c6 36. Qg7 Rxg8 37. Qxg8+ Kc7 38. Qxf7+ Kb6 39. Qg8 Qf2 40.
Qg1 Qxg1+ 41. Kxg1 Rd6 42. Rf1 Rd8 43. Kf2 Rf8 44. Ke3 Kc5 45. Ke4 Kd6 46. Kf5
e4 47. Rd1+ Kc5 48. Ke6 Re8+ 49. Kd7 Re5 50. f7 Rf5 51. Ke7 e3 52. f8=Q Rxf8 53.
Kxf8 Kc4 54. Rd3 1-0

[Event "Kvika Reykjavik Open 2022"]
[Site "Reykjavik ISL"]
[Date "2022.04.12"]
[Round "9.23"]
[White "Baskin, Robert"]
[Black "Popvasilev, Kaloyan"]
[Result "1-0"]
[WhiteTitle "IM"]
[WhiteElo "2393"]
[BlackElo "2191"]
[WhiteFideId "24662402"]
[BlackFideId "2919281"]
[EventDate "2022.04.06"]

1. e4 c5 2. Nf3 d6 3. d4 Nf6 4. Nc3 cxd4 5. Nxd4 Nc6 6. Bg5 e6 7. Qd2 a6 8.
O-O-O Bd7 9. f3 Be7 10. h4 h6 11. Be3 h5 12. Nxc6 Bxc6 13. Kb1 Rc8 14. Ne2 d5
15. e5 Nd7 16. f4 b5 17. Nd4 Nc5 18. Qe1 g6 19. Be2 Bd7 20. g4 hxg4 21. Bxg4
Rxh4 22. Rxh4 Bxh4 23. Qh1 Ne4 24. Qg2 Qa5 25. Bxe6 Bxe6 26. Nxe6 Qb4 27. a3
Nc3+ 28. Ka1 Qe4 29. Qxe4 Nxe4 30. Nd4 Bf2 31. Bxf2 Nxf2 32. Rf1 Ne4 33. Rh1 Ke7
34. Rh6 Ng3 35. c3 Rg8 36. Rh7 Nh5 37. f5 Nf4 38. e6 gxf5 39. Rxf7+ Kd6 40. Ra7
Ke5 41. e7 Ne6 42. Rd7 Re8 43. Nc6+ Ke4 44. Nd8 Ke5 45. Nc6+ Ke4 46. Rd6 Nc7 47.
Rf6 f4 48. Kb1 Ke3 49. Kc2 b4 50. axb4 f3 51. Nd4 Nb5 52. Nf5+ Ke2 53. Rf8 Nc7
54. Nd4+ 1-0

[Event "Kvika Reykjavik Open 2022"]
[Site "Reykjavik ISL"]
[Date "2022.04.12"]
[Round "9.24"]
[White "Martin, Julian"]
[Black "Lohia, Sohum"]
[Result "1-0"]
[WhiteTitle "IM"]
[BlackTitle "CM"]
[WhiteElo "2385"]
[BlackElo "2196"]
[WhiteFideId "12941000"]
[BlackFideId "5819369"]
[EventDate "2022.04.06"]

1. e4 e5 2. Nf3 Nc6 3. Bb5 g6 4. d4 exd4 5. c3 a6 6. Bxc6 dxc6 7. cxd4 Bg7 8. h3
f5 9. Bg5 Bf6 10. Bxf6 Nxf6 11. e5 Nd5 12. Nc3 Be6 13. Na4 Qe7 14. Nc5 O-O-O 15.
Qb3 b6 16. Nxe6 Qxe6 17. Qc4 Kb7 18. Rc1 g5 19. O-O g4 20. hxg4 fxg4 21. Nd2 Qg6
22. Rfe1 g3 23. fxg3 h5 24. Ne4 Ne7 25. Rc3 Rd5 26. Nf6 Rdd8 27. Ne4 Rd5 28. Nf6
Rdd8 29. Qe6 Qg7 30. Re4 Ka7 31. a4 a5 32. Rh4 Kb8 33. Kh2 Ng6 34. Re4 h4 35. g4
Ne7 36. Rf3 h3 37. gxh3 Nd5 38. Qxc6 Nxf6 39. exf6 Qg5 40. Qc3 Rde8 41. Rxe8+
Rxe8 42. f7 Rf8 43. Rf5 Qe7 44. Qf3 Qb4 45. g5 Qxd4 46. b3 Qb2+ 47. Kg3 Qb1 48.
h4 Ka7 49. Kh3 Qe1 50. g6 Rh8 51. h5 1-0

[Event "Kvika Reykjavik Open 2022"]
[Site "Reykjavik ISL"]
[Date "2022.04.12"]
[Round "9.25"]
[White "Song, Julien"]
[Black "Coursaget, Nicolas"]
[Result "1-0"]
[WhiteTitle "IM"]
[BlackTitle "FM"]
[WhiteElo "2373"]
[BlackElo "2180"]
[WhiteFideId "659487"]
[BlackFideId "610127"]
[EventDate "2022.04.06"]

1. e4 c5 2. c3 d5 3. exd5 Qxd5 4. d4 Nc6 5. Nf3 Bg4 6. Be2 cxd4 7. cxd4 e6 8.
Nc3 Bb4 9. O-O Bxc3 10. bxc3 Nf6 11. Ba3 Qa5 12. Qb3 O-O-O 13. Rab1 Rd7 14. Rfc1
Ne4 15. Rb2 Ng5 16. Ne5 Nxe5 17. dxe5 Bxe2 18. Rxe2 Qa6 19. c4 f5 20. exf6 gxf6
21. h4 Nf7 22. Bb2 e5 23. Qb5 Qe6 24. c5 Rg8 25. g3 Nd8 26. Kh2 Nc6 27. Qc4 Qe8
28. Bc3 h5 29. Rce1 Nd4 30. Bxd4 Rxd4 31. Qxd4 1-0